Exposición de pintura en el Ateneo : (Record no. 193776)

MARC details
000 -LEADER
campo de control de longitud fija 01268nab a2200277 i 4500
001 - NÚMERO DE CONTROL
campo de control 193776
003 - IDENTIFICADOR DE NÚMERO DE CONTROL
campo de control ES-MaACL
005 - FECHA Y HORA DE LA ÚLTIMA TRANSACCIÓN
campo de control 20250811063211.0
008 - DATOS DE LONGITUD FIJA--INFORMACIÓN GENERAL
campo de control de longitud fija 240220q1933 sp ||||| |||| 00| 0 spa d
040 ## - FUENTE DE CATALOGACIÓN
Centro catalogador/agencia de origen ES-MaACL
Lengua de catalogación spa
Centro/agencia transcriptor ES-MaACL
245 00 - MENCIÓN DEL TÍTULO
Título Exposición de pintura en el Ateneo :
Resto del título en el Ateneo de Madrid ha sido inaugurada una notable exposición de las obras del pintor M. Pinde, presidió el acto D. Miguel de Unamuno /
Mención de responsabilidad, etc. foto, Díaz Casariego
260 ## - PUBLICACIÓN, DISTRIBUCIÓN, ETC.
Lugar de publicación, distribución, etc. [Madrid :
Nombre del editor, distribuidor, etc. Blanco y Negro,
Fecha de publicación, distribución, etc. 1933]
300 ## - DESCRIPCIÓN FÍSICA
Extensión 1 página :
Otras características físicas 1 ilustración ;
Dimensiones 30 cm
336 ## - TIPO DE CONTENIDO
Fuente rdacontent
Término de tipo de contenido texto
337 ## - TIPO DE MEDIO
Fuente rdamedia
Nombre/término del tipo de medio sin mediación
338 ## - TIPO DE SOPORTE
Fuente rdacarrier
Nombre/término del tipo de soporte volumen
500 ## - NOTA GENERAL
Nota general Fotocopia de la página con la fotografía de José Díaz Casariego "Exposición de pintura en el Ateneo", con el pintor M. Pinde, Miguel de Unamuno y otros personajes, publicada en "Blanco y negro", en 1933
600 14 - PUNTO DE ACCESO ADICIONAL DE MATERIA--NOMBRE DE PERSONA
Nombre de persona Pinde, M.
Títulos y otros términos asociados al nombre (pintor)
9 (RLIN) 235180
600 14 - PUNTO DE ACCESO ADICIONAL DE MATERIA--NOMBRE DE PERSONA
Nombre de persona Unamuno, Miguel de,
Fechas asociadas al nombre 1864-1936
9 (RLIN) 111982
610 27 - PUNTO DE ACCESO ADICIONAL DE MATERIA--NOMBRE DE ENTIDAD CORPORATIVA
Nombre de entidad corporativa o nombre de jurisdicción como elemento de entrada Ateneo de Madrid-
Subdivisión de forma Exposiciones-
Subdivisión cronológica 1930-1939
9 (RLIN) 139241
700 1# - ENTRADA AGREGADA--NOMBRE PERSONAL
9 (RLIN) 235164
Nombre de persona Díaz Casariego, José,
Fechas asociadas al nombre 1896-1967
Término indicativo de función/relación Fotógrafo
852 4# - LOCALIZACIÓN
Ubicación ES-MaACL
Ubicación en estantería Depósito folletos
Número de control de estantería 2347-F-91
itemnumber 201336
942 ## - ELEMENTOS DE ENTRADA SECUNDARIOS (KOHA)
Fuente del sistema de clasificación o colocación Clasificación decimal universal
Tipo de ítem Koha Artículo de revista
Suprimir en OPAC No
Holdings
Estatus retirado Estado de pérdida Fuente del sistema de clasificación o colocación Estado de daño No para préstamo Colección Biblioteca de origen Biblioteca actual Ubicación en estantería Fecha de adquisición Total de préstamos Signatura topográfica completa Código de barras Visto por última vez Tipo de ítem Koha
    Clasificación decimal universal     Exposiciones en el Ateneo Biblioteca del Ateneo de Madrid Biblioteca del Ateneo de Madrid Depósito folletos 20/02/2024   2347-F-91 101206775 20/02/2024 Artículo de revista